Prepelica japonská, jej pôvod, rozšírenie a plemená

Bibliographic Details
Main Author: Baumgartner, Ján, 1940- (Author)
Format: Article
Language:Slovak
PhysicalDescription:Fotogr. 12
ISSN:1335-1990
Subjects:

MARC

LEADER 00000nab a2200000 a 4500
001 vtls000643121
003 SK-MaSNL
005 20260304100116.0
008 250425c1997 xo 0 slo
015 |a SNBRB19rr/mm-uuuuu 
035 |a CL0643260 
035 |a (urnnbn)urn:nbn:sk:snk:ar-006o5f 
035 |a (uuid)2e908b0c-e469-46d3-982d-da96627b196b 
035 |a urn:nbn:sk:snk-ab86yx 
040 |a SNKBUCL  |b slo  |c SNKBUCL  |e AACR2 
041 0 |a slo 
044 |a xo  |c SK 
080 |a 636.594  |2 1981 
080 |a 598.617  |2 1981 
100 1 |a Baumgartner, Ján,  |d 1940-  |4 aut  |9 85888 
245 1 0 |a Prepelica japonská, jej pôvod, rozšírenie a plemená  |c Ján Baumgartner 
300 |b Fotogr. 12 
650 0 7 |a prepelica japonská  |2 snkbucl  |9 120362 
655 7 |a články z novín a časopisov  |2 snkbucl  |9 267496 
773 0 |t Slovenský chov  |g Roč. 2, č. 11 (1997), s. 26-27  |x 1335-1990 
850 |a Slovenská národná knižnica 
852 |a Slovenská národná knižnica 
954 |a odborná, vedecká literatúra pôvodná (slovenská)  |2 lita 
958 |a article9 
958 |a OND 
958 |a RK 
958 |a EUIPO 
999 |c 2836039  |d 2837969